Účtovná trieda 1 - Zásoby

Uložené v:
Podrobná bibliografia
Hlavný autor: Kareš, Ladislav
Médium: Kapitola
Jazyk:Slovak
Tagy: Pridať tag
Žiadne tagy, Buďte prvý, kto otaguje tento záznam!

MARC

LEADER 00000naa$a2200000$$$4500
001 0063131
005 20240502071724.9
041 0 |a slo 
044 |a SK 
245 1 0 |a Účtovná trieda 1 - Zásoby  |c Ladislav Kareš 
100 1 |a Kareš, Ladislav